000 01282nam a2200373 a 4500
001 dia_1871
003 CHAP
005 20230531182954.0
007 ta
008 220117s1991 mx fr 001 0 spa d
010 _a172409
020 _a968-884-124-2
040 _cCHAP
_amxchpua
050 1 0 _aHD9014.M4
_b.A37 1991
082 0 0 _a338.763972
_bA37 1991
_220
245 1 3 _aLa agroindustria y la organización de productores en México
250 _a1a edición
264 _aChapingo, México :
_bUACh. CIESTAAM,
_c1991
300 _a193 páginas :
_btablas
490 1 _aPrograma Integración Agricultura Industria (UACh. CIESTAAM)
504 _aIncluye bibliografías
650 1 3 _aIndustria agrícola
_9137236
_zMéxico
650 1 3 _aIndustria de los alimentos
_9148659
_zMéxico
650 1 3 _aProductos agrícolas
_991896
_zMéxico
650 1 3 _aAgricultural industry
_9147917
_zMexico
650 1 3 _aFood industry
_9148657
_zMexico
650 1 3 _aProductos agrícolas
_991896
_zMexico
710 0 _aUACh. CIESTAAM
_9115844
830 _9187248
_aPrograma Integración Agricultura Industria (UACh. CIESTAAM)
901 _a338.763972 A37 1991
902 _aM
905 _a0000001991 MEXX 0000000000ESP00
942 _cLIBRO
_2ddc
999 _c172409
_d172409